000
00312nam a2200109Ia 4500
008
180205s9999 xx 000 0 und d
020
_a
804739226
100
_a
ParreƱas, Rhacel Salazar
245
_a
Servants of globalization /
260
_a
California
_b
Stanford university press
_c
2001
300
_a
ix, 309 pages
999
_c
354817
_d
354817